Dlhodobá nezamestnanosť, jej podstata a faktory formovania
Teoreticko-metodologické aspekty dlhodobej nezamestnanosti na Slovensku. Faktory formovania dlhodobej nezamestnanosti. Pôsobenie socio-demografických a inštitucionálnych činiteľov na dobu trvania nezamestnanosti. Sociálna skladba dlhodobej nezamestnanosti.
Gespeichert in:
| 1. Verfasser: | |
|---|---|
| Weitere Verfasser: | |
| Format: | Buchkapitel |
| Sprache: | Slowakisch |
| Schlagworte: | |
| Tags: |
Keine Tags, Fügen Sie das erste Tag hinzu!
|
MARC
| LEADER | 00000naa a2200000 4500 | ||
|---|---|---|---|
| 001 | r019424 | ||
| 005 | 20221205102547.9 | ||
| 041 | 0 | |a slo | |
| 044 | |a SK | ||
| 245 | 1 | 0 | |a Dlhodobá nezamestnanosť, jej podstata a faktory formovania |c Zuzana Kostolná, Eneke Hanzelová |
| 520 | |a Teoreticko-metodologické aspekty dlhodobej nezamestnanosti na Slovensku. Faktory formovania dlhodobej nezamestnanosti. Pôsobenie socio-demografických a inštitucionálnych činiteľov na dobu trvania nezamestnanosti. Sociálna skladba dlhodobej nezamestnanosti. | ||
| 610 | 2 | 0 | |a nezamestnanosť |
| 610 | 2 | 0 | |a situácia sociálna |
| 610 | 2 | 0 | |a Slovensko |
| 610 | 2 | 0 | |a skupiny sociálne |
| 610 | 2 | 0 | |a ukazovatele štatistické |
| 100 | 1 | |a Kostolná, Zuzana | |
| 700 | 1 | |a Hanzelová, Eneke | |